000 00474nam a2200157Ia 4500
008 090123s9999 xx 000 0 und d
082 _b24040
245 _aमाणूस आणि मित्र
250 _a1
260 _bकौशिक प्रकाशन
_c1984
300 _a414
630 _aमाणूस आणि मित्र
700 _aगोडबोले अरुण
730 _aमाणूस आणि मित्र
942 _cBOOK
999 _c62111
_d62111